Statystyki dla Stacje pociągu TLK 28100/1 (82100/1) Staszic

Kliknij tutaj aby rozwiązać quiz!

Ogólne statystyki

  • Ten quiz został rozwiązany 130 razy
  • Średni wynik to 20 z 31

Statystyki odpowiedzi

Odpowiedź% Poprawnych
Warszawa Zachodnia
89%
Warszawa Centralna
88%
Warszawa Wschodnia
88%
Lublin Główny
85%
Szczecin Główny
85%
Toruń Główny
82%
Bydgoszcz Główna
81%
Kutno
73%
Stargard
73%
Piła Główna
71%
Szczecin Dąbie
69%
Skierniewice
66%
Włocławek
65%
Bydgoszcz Leśna
64%
Dęblin
64%
Solec Kujawski
60%
Łowicz Główny
59%
Bydgoszcz Wschód
58%
Nakło nad Notecią
58%
Wałcz
58%
Żyrardów
58%
Lublin Zachodni
55%
Puławy Miasto
55%
Pilawa
54%
Nałęczów
53%
Aleksandrów Kujawski
52%
Wyrzysk Osiek
47%
Kalisz Pomorski
45%
Recz Pomorski
35%
Sobolew
34%
Tuczno Krajeńskie
31%

Rozkład punktacji

Percentyl według liczby udzielonych odpowiedzi

Procent ludzi z każdym wynikiem

Twoja historia wyników

Nie rozwiązałeś tego quizu